00369 a2200145 450000100060000002000140000604000370002010000320005724000460008924500410013530000080017636200090018444000130019365000170020674289 a2621425-X cAnchieta - Colégio São Paulo aMantoan, Maria teresa Egler10aCompreendendo a deficiência mentallpor10aCompreendendo a deficiência mental a1670 a1999 1aScipione 4aEducação